LEADER 00904naa a2200229 u 4500 001 000000095753 003 CaOOAMICUS 005 20070226130143.0 008 040712s1908 enk u000 u fre u 020 $a0860780562 035 $a11004019 040 $aIAR$bita 100 1 $aGaudemet, Jean,$d1908-2001.$0(OLS)http://pul/name/414 245 13$aLa bréviaire d'Alaric et les epitome /$cJean Gaudemet. 260 $aLondon :$bVariorum reprints,$c1980. 300 $a[55] S., ;$c23 cm 630 04$aBreviarium Alarici.$0(OLS)http://pul/subject/7782 773 0 $aLa formation du droit canonique médiéval. 773 0 $aGaudemet, Jean.$tLa formation du droit canoique médiéval$w()34798 996 $6020$a0860780562$9(OLS)http://pul/number/43790 996 $6245$aLa bréviaire d'Alaric et les epitome$9(OLS)http://pul/title/122630 996 $6260$aLondon :$bVariorum reprints$9(OLS)http://pul/publisher/62198 LEADER 01378nam a2200277 u 4500 001 000000088533 003 CaOOAMICUS 005 20070226124525.0 008 051103s1942 it acf u000 u ita u 035 $a11066503 040 $aPUL(R)$bita 100 1 $aManacorda, Guido,$d1879-1965.$0(OLS)http://pul/name/5172 245 13$aIl bolscevismo :$bmarxismo, mistica, meccanesimo, ateismo, morale, politica, economia, letteratura e arte, scuola e propaganda /$cGuido Manacorda. 250 $a4. ed. interamente rielaborata e aggiornata, con nuovi documenti, diagrammi e carte geografiche. 260 $aFirenze :$bG. C. Sansoni,$c1942. 300 $axvi, 351 p., [8] p. di tav. :$bc. geogr. : ill. ;$c23 cm 500 $aInclude indici. 504 $aBibliografia in nota. 650 4$aBolscevismo.$0(OLS)http://pul/subject/6716 650 4$aSocialismo$xStoria.$0(OLS)http://pul/subject/7757 650 4$aMarxismo.$0(OLS)http://pul/subject/4889 850 $aPUL 852 $aPUL$W1$xDP1 Fondo Pastorale$y55$mP5 D 51$j112107$nBK-PRI$b $qFondi$B112107$CPULBib$Z2$F112107 $HPUL1821 $81 941 1 $a1 996 $6245$aIl bolscevismo :$bmarxismo, mistica, meccanesimo, ateismo, morale, politica, economia, letteratura e arte, scuola e propaganda$9(OLS)http://pul/title/82230 996 $6260$aFirenze :$bG. C. Sansoni$9(OLS)http://pul/publisher/48488